000
00248nam a2200097Ia 4500
008
200302s9999 xx 000 0 und d
100
_a
Jean -Eudes Roullier
245
_a
French New Towns
260
_b
Gie Villes Nouvelles de france
300
_a
358 P.,
999
_c
5676
_d
5676